Inorganic pharmaceutical chemistry : (Record no. 17887)
[ view plain ]
| 000 -LEADER | |
|---|---|
| fixed length control field | 00897nam a22002297a 4500 |
| 008 - FIXED-LENGTH DATA ELEMENTS--GENERAL INFORMATION | |
| fixed length control field | 131222t2011 ii adk fr|||| 000 0 eng d |
| 020 ## - INTERNATIONAL STANDARD BOOK NUMBER | |
| International Standard Book Number | 9788122430066 |
| 043 ## - GEOGRAPHIC AREA CODE | |
| Geographic area code | a-ii--- |
| 082 04 - DEWEY DECIMAL CLASSIFICATION NUMBER | |
| Edition number | 22 |
| Classification number | 615.19 |
| Item number | WAL |
| 100 1# - MAIN ENTRY--PERSONAL NAME | |
| 9 (RLIN) | 34717 |
| Personal name | Wal, Ankita |
| 245 10 - TITLE STATEMENT | |
| Title | Inorganic pharmaceutical chemistry : |
| Remainder of title | for B. pharm. 1st semester : (as per the new syllabus prescribed by GBTU (Lucknow), MMTU (Noida) and AICTE all over India) / |
| Statement of responsibility, etc | Ankita Wal, Pranay Wal, Awani K. Rai. |
| 250 ## - EDITION STATEMENT | |
| Edition statement | 1st ed. |
| 260 ## - PUBLICATION, DISTRIBUTION, ETC. (IMPRINT) | |
| Place of publication, distribution, etc | New Delhi : |
| Name of publisher, distributor, etc | New Age International (P.) Limited, Publishers, |
| Date of publication, distribution, etc | c.2011 |
| Manufacturer | (Ajit Printers) |
| 300 ## - PHYSICAL DESCRIPTION | |
| Extent | xvi, 166 p. : |
| Other physical details | charts, forms, tables, |
| Dimensions | 24 cm. |
| 490 0# - Series Statement | |
| Series statement | New age |
| 650 #0 - SUBJECT ADDED ENTRY--TOPICAL TERM | |
| 9 (RLIN) | 34720 |
| Topical term or geographic name as entry element | Pharmaceutical chemistry |
| Geographic subdivision | India |
| 653 ## - INDEX TERM--UNCONTROLLED | |
| Resource For college | |
| Arrived date list | December2013 |
| 655 ## - INDEX TERM--GENRE/FORM | |
| Form subdivision | |
| -- | 34232 |
| 700 1# - ADDED ENTRY--PERSONAL NAME | |
| 9 (RLIN) | 34718 |
| Personal name | Wal, Pranay |
| 700 1# - ADDED ENTRY--PERSONAL NAME | |
| 9 (RLIN) | 34719 |
| Personal name | Rai, Awani K. |
| 942 ## - ADDED ENTRY ELEMENTS (KOHA) | |
| Source of classification or shelving scheme | Dewey Decimal Classification |
| Item type | Book - Borrowing |
| Call number prefix | 615.19 WAL |
| Withdrawn status | Item status | Source of classification or shelving scheme | Damaged status | Not for loan | Vendor | Home library | Current library | Shelving location | Date acquired | Source of acquisition | Total Checkouts | Full call number | Barcode | Date last seen | Koha item type |
|---|---|---|---|---|---|---|---|---|---|---|---|---|---|---|---|
| Dewey Decimal Classification | Donation-Gift | Central Library | Central Library | First floor | 22/12/2013 | Donation | 615.19 WAL | 000035255 | 15/07/2025 | Book - Borrowing |